| 000 | 01050cam a2200301 i 4500 | ||
|---|---|---|---|
| 999 |
_c200441590 _d59802 |
||
| 003 | TR-AnTOB | ||
| 005 | 20220517094714.0 | ||
| 007 | ta | ||
| 008 | 720218s1960 enk 000 0 eng d | ||
| 040 |
_aAKR _beng _erda _cAKR _dOCL _dSER _dUKM _dOCLCO _dINNDH _dTR-AnTOB |
||
| 041 | 0 | _aeng | |
| 050 | 0 | 4 |
_aQD416 _b.P56 1960 |
| 090 |
_aQD416 _b.P56 1960 |
||
| 100 | 1 |
_aPinder, A. R. _eauthor _9131078 |
|
| 245 | 1 | 4 |
_aThe chemistry of the terpenes / _cA. R. Pinder. |
| 264 | 1 |
_aLondon, _bChapman and Hall, _c1960. |
|
| 300 |
_a223 pages : _billustrations ; _c25 cm |
||
| 336 |
_2rdacontent _atext _btxt |
||
| 337 |
_2rdamedia _aunmediated _bn |
||
| 338 |
_2rdacarrier _avolume _bnc |
||
| 504 | _aBIB | ||
| 650 | 0 |
_aTerpenes _9131079 |
|
| 776 | 0 | 8 |
_iOnline version: _aPinder, A. R. _tChemistry of the terpenes. _dLondon, Chapman and Hall, 1960 _w(OCoLC)589675553 |
| 776 | 0 | 8 |
_iOnline version: _aPinder, A. R. _tChemistry of the terpenes. _dLondon, Chapman and Hall, 1960 _w(OCoLC)608928665 |
| 942 |
_2lcc _cBK |
||